| 000 | 00856nmc a2200301 a 4500 | ||
|---|---|---|---|
| 003 | AR-BaBNM | ||
| 005 | 20251128211619.0 | ||
| 008 | 105020s2003 ||||||||||||||000 | spa|| | ||
| 020 | _a84-7432-747-4 | ||
| 040 | _cAR-BaBNM | ||
| 100 | 1 | _aPhillips, Estella M. | |
| 245 | 1 | 0 |
_aCómo obtener un doctorado _bmanual para estudiantes y tutores |
| 250 | _a1ª ed. | ||
| 260 |
_aBarcelona _bGedisa _c2003 |
||
| 300 | 0 | _a271 p. | |
| 490 | 0 |
_aBiblioteca de educación. Herramientas universitarias _vv. 5 |
|
| 500 | 0 | _aIndice temático p. 259-271 | |
| 504 | _aBibliografía en p. 255-257 | ||
| 650 | 4 | _aUNIVERSIDADES | |
| 650 | 4 | _aESTUDIOS DE POSTGRADO | |
| 650 | 4 | _aTESIS DE DOCTORADO | |
| 650 | 4 | _aESTUDIANTES | |
| 650 | 4 | _aTUTORIA | |
| 650 | 4 | _aDIRECTORES DE INVESTIGACION | |
| 700 | 1 | _aPugh, Derek S. | |
| 942 | _cBK | ||
| 998 | _cme-solo cat | ||
| 999 |
_c20428 _d20428 |
||